zpět

Detail výsledku týmu

Be Friendly, Praha

Datum a čas kvízu

30.5 Celkem bodů Celkový počet nahraných bodů na tomto kvízu bez doplňovacích otázek.
5. Pořadí na kvízu Konečné umístění týmu na tomto kvízu.

Zaznamenané odpovědi

# Otázka Odpověď Body Výsledky
1. Jméno státního zástupce, dohlí... Jaroslav Šaroch 1
2. Novozélandští vědci zkoumali v... úhoř 1
3. Tato 31letá modelka, pyšnící s... Aneta Vignerová 0
4. Vyhledávač letenek Kiwi již ne... Kuba 1
5. Jak se nazývá země, jejíž favo... Turecko 1
6. V tomto tématu se podíváme na... Mojžíš 1
7. Svátek Roš ha-šana (jako větši... Nový rok 0
8. Jak se nazývá osmidenní židovs... Chanuka 1
9. Válka, jež vypukla 6. října 19... Jom kipur 0
10. Na závěr se vrátíme opět ke sv... B 1